Prénoms garçons 2013 - Statistiques

Statistiques générales
  • Ce quiz a été pris 273 fois
  • Le résultat moyen est 41 sur 100
Statistiques - réponses
Hint Lettre Prénoms % Correct
12 L Léo
88%
5 L Louis
78%
2 H Hugo
77%
10 T Théo
75%
6 J Jules
73%
1 L Lucas
73%
3 G Gabriel
72%
15 P Paul
71%
59 N Noa
67%
69 P Pierre
63%
78 Q Quentin
63%
7 N Nathan
62%
25 T Thomas
62%
13 M Mathis
61%
22 T Tom
61%
30 A Antoine
57%
8 E Enzo
57%
23 M Mathéo
57%
4 E Ethan
56%
9 R Raphaël
56%
75 R Romain
56%
17 M Maxime
55%
32 V Valentin
55%
34 V Victor
55%
14 A Arthur
54%
93 J Jean
54%
29 N Noé
54%
31 A Alexandre
53%
63 M Mathieu
53%
28 B Baptiste
52%
16 C Clément
52%
18 N Noah
52%
67 L Léon
49%
38 S Simon
49%
11 M Maël
48%
90 W William
48%
27 G Gabin
46%
40 M Martin
46%
33 E Evan
44%
43 K Kylian
43%
35 L Liam
43%
24 T Timéo
43%
20 A Axel
42%
70 N Nicolas
42%
88 Y Yanis
42%
47 M Mattéo
41%
84 M Mohamed
41%
19 N Nolan
41%
86 B Bastien
40%
54 E Eliott
40%
37 M Maxence
40%
46 A Alexis
39%
72 C Corentin
39%
26 S Sacha
39%
42 S Samuel
39%
61 M Mathias
38%
21 A Adam
37%
50 A Adrien
35%
52 O Oscar
35%
51 N Nino
34%
36 R Robin
34%
65 T Timothée
34%
56 N Noam
33%
60 G Gaspard
32%
45 E Esteban
31%
71 R Rayan
31%
58 T Titouan
31%
76 N Naël
30%
82 T Thibault
30%
57 M Marius
29%
49 B Benjamin
28%
77 M Malo
28%
39 A Aaron
25%
81 E Eden
25%
79 I Isaac
25%
92 T Tristan
25%
91 D Dylan
24%
85 A Augustin
23%
53 M Mathys
23%
68 E Erwan
22%
97 L Loan
22%
66 L Louka
22%
55 A Antonin
21%
80 K Kenzo
21%
44 T Tiago
21%
94 C Charly
20%
41 L Lenny
20%
48 L Lorenzo
20%
73 S Soan
20%
64 D Diego
18%
99 I Ismaël
18%
62 M Milan
18%
96 O Owen
18%
74 R Ruben
18%
87 K Kaïs
17%
83 R Rafaël
17%
98 J Julian
16%
100 N Noham
12%
95 A Amine
11%
89 I Ibrahim
11%
Aucun quiz correspondant
Distribution des résultats
% des personnes avec chaque résultat
Percentile par nombre de réponses
Votre historique - résultats
Vous n’avez pas pris ce quiz